000
00314nam a22001337a 4500
008
170817b xxu||||| |||| 00| 0 eng d
020
_a
9780716736523
041
_a
eng
080
_2
2ND
_a
51
100
_a
36
101
_a
MAT
245
_a
DISCRETE MATHEMATICS THROUGH APPLICATIONS
_c
CRISLER,N
942
_2
udc
_c
BK
999
_c
23885
_d
23885